00497nam a2200169 a 450000500170000000800410001702000150005805000210007310000170009424500450011126000570015630000210021352100070023465000240024165000290026565000330029420140310183340.0061129s19uu xx 00 eng d a8183700225 aP 95b.B575 2005 aBhatia, Arun aMedia flow and monitoring /cArun Bhatia aNew Delhi, India :bAkansha Publishing House,c2005. a262 p. :c23 cm. aMC aMass Communication. aMass media bibliography. aMedia communications ethics.